[Event "Zhukovsky Elo-D"]
[Site "Zhukovsky"]
[Date "2008.01.19"]
[Round "8"]
[White "Zenchenko, Maxim"]
[Black "Titov, Sergo"]
[Result "1-0"]
[WhiteElo "1816"]
[BlackElo "1855"]
[PlyCount "85"]
[EventDate "2008.01.02"]
[EventType "tourn"]
[EventRounds "9"]
[EventCountry "RUS"]
[SourceTitle "EXT 2010"]
[Source "ChessBase"]
[SourceDate "2010.11.25"]
[SourceVersion "1"]
[SourceVersionDate "2010.11.25"]
[SourceQuality "1"]

1. e4 c6 2. d4 d5 3. exd5 cxd5 4. Bd3 Nc6 5. c3 Nf6 6. Bf4 g6 7. Nf3 Bg7 8. 0-0 0-0 9. Nbd2 Nh5 10. Bg5 h6 11. Be3 f5 12. Nb3 b6 13. Nh4 Qd6 14. Be2 Nf4 15. Bxf4 Qxf4 16. Nxg6 Qg5 17. Nxf8 Bxf8 18. Bf3 Be6 19. Re1 Bf7 20. a4 a5 21. Qe2 e5 22. dxe5 Re8 23. Qb5 Re6 24. Nd4 Nxe5 25. Bxd5 Re7 26. Bxf7+ Nxf7 27. Rxe7 Bxe7 28. Qe8+ Bf8 29. Ne6 Qe7 30. Qxf8+ Qxf8 31. Nxf8 Kxf8 32. Re1 Nd6 33. Re6 Nc4 34. Rxh6 Nxb2 35. Rxb6 Nxa4 36. Rf6+ Ke7 37. Rxf5 Nxc3 38. Rxa5 Ke6 39. Kf1 Kf6 40. Ke1 Ne4 41. Ke2 Ng5 42. Rxg5 Kxg5 43. Kf3 1-0

[Event "Zhukovsky Elo-D"]
[Site "Zhukovsky"]
[Date "2008.01.04"]
[Round "3"]
[White "Zenchenko, Maxim"]
[Black "Onishchenko, Mikhail"]
[Result "1-0"]
[WhiteElo "1816"]
[BlackElo "1913"]
[PlyCount "91"]
[EventDate "2008.01.02"]
[EventType "tourn"]
[EventRounds "9"]
[EventCountry "RUS"]
[SourceTitle "EXT 2010"]
[Source "ChessBase"]
[SourceDate "2010.11.25"]
[SourceVersion "1"]
[SourceVersionDate "2010.11.25"]
[SourceQuality "1"]

1. e4 g6 2. Nf3 Bg7 3. Bc4 e6 4. 0-0 Ne7 5. Nc3 c6 6. d4 d5 7. exd5 cxd5 8. Bb5+ Nbc6 9. Bf4 a6 10. Bxc6+ Nxc6 11. Re1 0-0 12. Ne5 Ne7 13. Qd2 h5 14. Bh6 Nf5 15. Bxg7 Kxg7 16. Ne2 b5 17. Nf4 Rh8 18. Qd1 Qg5 19. Nh3 Qh4 20. Nf3 Qg4 21. c3 f6 22. Nd2 Qxd1 23. Raxd1 g5 24. Nb3 Re8 25. Nc5 Ra7 26. f3 Rae7 27. Nd3 Kg6 28. Rd2 Nd6 29. Rde2 Nf7 30. f4 g4 31. f5+ Kg7 32. Nhf4 Kh6 33. Nxd5 e5 34. Nxe7 Rxe7 35. dxe5 Bxf5 36. Nc5 fxe5 37. Nxa6 Bd3 38. Re3 e4 39. Nc5 Re5 40. Nxd3 exd3 41. Rxe5 d2 42. Re6+ Kg5 43. Rd1 Kf5 44. Rb6 Ke4 45. Rxd2 Ne5 46. Re2+ 1-0

[Event "Zhukovsky Naukograd-D"]
[Site "Zhukovsky"]
[Date "2007.04.01"]
[Round "7"]
[White "Zenchenko, Maxim"]
[Black "Gostev, Oleg"]
[Result "1/2-1/2"]
[WhiteElo "1799"]
[BlackElo "1620"]
[PlyCount "40"]
[EventDate "2007.04.01"]
[EventType "tourn"]
[EventRounds "11"]
[EventCountry "RUS"]
[SourceTitle "EXT 2022"]
[Source "ChessBase"]
[SourceDate "2021.10.06"]
[SourceVersion "1"]
[SourceVersionDate "2021.10.06"]
[SourceQuality "1"]

1. e4 c5 2. Nf3 d6 3. d4 Nc6 4. d5 Ne5 5. Nxe5 dxe5 6. Nc3 a6 7. Be2 e6 8. dxe6 Bxe6 9. 0-0 Bd6 10. Be3 Nf6 11. h3 0-0 12. Qd2 Qc7 13. Rfd1 Rad8 14. f3 Be7 15. Qe1 Rxd1 16. Rxd1 b5 17. Qf2 c4 18. Bb6 Qc6 19. Be3 Qc7 20. Bb6 Qc6 1/2-1/2

[Event "Zhukovsky Naukograd-D"]
[Site "Zhukovsky"]
[Date "2007.04.01"]
[Round "4"]
[White "Zenchenko, Maxim"]
[Black "Mozgalov, Viktor"]
[Result "1/2-1/2"]
[WhiteElo "1799"]
[BlackElo "1687"]
[PlyCount "114"]
[EventDate "2007.04.01"]
[EventType "tourn"]
[EventRounds "11"]
[EventCountry "RUS"]
[SourceTitle "EXT 2022"]
[Source "ChessBase"]
[SourceDate "2021.10.06"]
[SourceVersion "1"]
[SourceVersionDate "2021.10.06"]
[SourceQuality "1"]

1. e4 c5 2. Nf3 e6 3. d4 cxd4 4. Nxd4 Nf6 5. f3 Be7 6. Be2 0-0 7. Be3 a6 8. 0-0 d6 9. Nd2 Qc7 10. c4 b6 11. Rc1 Bb7 12. g4 Nc6 13. g5 Nd7 14. h4 Rfe8 15. Qe1 Rac8 16. f4 Nxd4 17. Bxd4 e5 18. Be3 exf4 19. Bxf4 Ne5 20. Qf2 Bf8 21. Be3 b5 22. cxb5 Qxc1 23. Rxc1 Rxc1+ 24. Kh2 axb5 25. Bd4 b4 26. a4 bxa3 27. bxa3 d5 28. exd5 Bxd5 29. Bxe5 Rxe5 30. Bf3 Rf5 31. Qe3 g6 32. Ne4 Rc2+ 33. Kh1 Rxf3 34. Qxf3 Bc6 35. Kg1 Bc5+ 36. Kf1 Bd4 37. Nf6+ Kg7 38. Qd3 Bg2+ 39. Ke1 Bc3+ 40. Kd1 Rd2+ 41. Qxd2 Bxd2 42. Kxd2 h6 43. a4 hxg5 44. hxg5 Kf8 45. Kd3 Ke7 46. Kd4 Kd6 47. Kc4 Kc6 48. a5 Bf1+ 49. Kb4 Bg2 50. Ng4 Kd6 51. Kb5 Ke6 52. Nf6 Kf5 53. Nh7 f6 54. gxf6 Ke6 55. Kb6 g5 56. Nxg5+ Kxf6 57. Nh7+ Kg7 1/2-1/2

[Event "Zhukovsky Naukograd-D"]
[Site "Zhukovsky"]
[Date "2007.04.01"]
[Round "11"]
[White "Zenchenko, Maxim"]
[Black "Rigovich, Albert"]
[Result "0-1"]
[WhiteElo "1799"]
[BlackElo "1996"]
[PlyCount "38"]
[EventDate "2007.04.01"]
[EventType "tourn"]
[EventRounds "11"]
[EventCountry "RUS"]
[SourceTitle "EXT 2022"]
[Source "ChessBase"]
[SourceDate "2021.10.06"]
[SourceVersion "1"]
[SourceVersionDate "2021.10.06"]
[SourceQuality "1"]

1. e4 e5 2. f4 exf4 3. Nf3 Nf6 4. e5 Nh5 5. Nc3 d6 6. Bc4 dxe5 7. Nxe5 Qh4+ 8. Kf1 Be6 9. Bxe6 Ng3+ 10. Kg1 Bc5+ 11. d4 Bxd4+ 12. Qxd4 Ne2+ 13. Kf1 Nxd4 14. Bxf7+ Kf8 15. Nd5 Nbc6 16. Nxc7 Rc8 17. Ne6+ Nxe6 18. Bxe6 Rd8 19. Nf3 Qe7 0-1